000 00591nam a2200193Ia 4500
008 210417s9999 xx 000 0 und d
020 _a9781138919815
020 _b1138919810
082 _a327.47056 BRE.22
082 _b22.327.47056 BRE.1.22
245 0 _aSoviet strategy in the Middle East
245 0 _cSoviet strategy in the Middle East
250 _b"xiii, 320 p. ; 23 cm. , hbk."
260 _aLondon
260 _bRoutledge
260 _c2016
700 _a"Breslauer, George W"
700 _bedited by George W. Breslauer ; with contributions by Galia Golan [and others].
999 _c484029
_d484029